Statistics for Countries with the Biggest Economies Quiz

Click here to take the quiz!

General Stats

  • This quiz has been taken 109,172 times
    (39,645 since last reset)
  • The average score is 19 of 22

Answer Stats

GNP Country % Correct
21.6 TUnited States
100%
28.0 TChina
100%
4.56 TGermany
98%
3.08 TFrance
98%
3.14 TUnited Kingdom
98%
4.35 TRussia
97%
5.81 TJapan
97%
3.52 TBrazil
96%
11.4 TIndia
96%
1.93 TCanada
94%
1.95 TSpain
93%
2.70 TMexico
93%
2.47 TItaly
93%
1.38 TAustralia
92%
2.24 TSouth Korea
84%
3.75 TIndonesia
83%
1.94 TSaudi Arabia
83%
2.37 TTurkey
75%
1.40 TEgypt
72%
1.63 TIran
72%
1.40 TThailand
64%
1.31 TTaiwan
53%

Score Distribution

Percentile by Number Answered

Percent of People with Each Score

Your Score History

You have not taken this quiz since the last reset